The Indian Media Business: (Record no. 206085)
[ view plain ]
| 000 -LEADER | |
|---|---|
| fixed length control field | 00749nam a22002297a 4500 |
| 005 - DATE AND TIME OF LATEST TRANSACTION | |
| control field | 20241003163920.0 |
| 010 ## - LCCN (DPL NO) | |
| LC control number | ENG-141877 |
| 020 ## - INTERNATIONAL STANDARD BOOK NUMBER | |
| International Standard Book Number | 9789354790904 |
| Terms of availability | 695.00 |
| 035 ## - SYSTEM CONTROL NUMBER | |
| System control number | EN-125409 |
| 037 ## - SOURCE OF ACQUISITION | |
| Source of stock number/acquisition | DBAD |
| 082 ## - DEWEY DECIMAL CLASSIFICATION NUMBER | |
| Classification number | 302.230954 |
| Edition number | 5 |
| 100 ## - MAIN ENTRY--PERSONAL NAME | |
| Personal name | Khandekar, Vanita Kohli |
| 245 ## - TITLE STATEMENT | |
| Title | The Indian Media Business: |
| Remainder of title | Pandemic and After/ |
| Statement of responsibility, etc | By Vanita Kohli Khandekar |
| 246 ## - VARYING FORM OF TITLE | |
| Remainder of title | |
| 250 ## - EDITION STATEMENT | |
| Edition statement | 5 |
| 260 ## - PUBLICATION, DISTRIBUTION, ETC. (IMPRINT) | |
| Name of publisher, distributor, etc | Sage Publishing India Pvt Ltd |
| Place of publication, distribution, etc | New Delhi |
| Date of publication, distribution, etc | 2021 |
| 270 ## - ADDRESS | |
| City | New Delhi |
| Address | B1/1-1 Mohan Cooperative Indutrial Area Mathura Road |
| Postal code | 110044 |
| State or province | Delhi |
| 300 ## - PHYSICAL DESCRIPTION | |
| Extent | 297p. |
| Dimensions | 24cm(pb) |
| 650 ## - SUBJECT ADDED ENTRY--TOPICAL TERM | |
| Topical term or geographic name as entry element | Early childhood - care |
| 650 ## - SUBJECT ADDED ENTRY--TOPICAL TERM | |
| Topical term or geographic name as entry element | Child Development |
| 942 ## - ADDED ENTRY ELEMENTS (KOHA) | |
| Source of classification or shelving scheme | Dewey Decimal Classification |
| Item type | English Books |
| Classification part | 302.230954 |
| Call number suffix | KHA |
| Edition | 5 |
| Withdrawn status | Lost status | Not for loan | Collection code | Home library | Current library | Date acquired | Source of acquisition | Cost, normal purchase price | Full call number | Barcode | Copy number | Cost, replacement price | Koha item type |
|---|---|---|---|---|---|---|---|---|---|---|---|---|---|
| Non-fiction | Vinoba Puri | Vinoba Puri | 03/10/2024 | Delivery of Books Act Division | 695.00 | 302.230954 KHA | EN-125409 | 1 | 695.00 | English Books |
